000 00349nam a2200145 i 4500
001 bg
100 1 _aBODNAR, Artur
245 0 _aEkonomika i polityka :
_bpodstawowe zależności /
_cArtur Bodnar.
260 _aWarszawa,
_c1980.
040 _cBPK
041 _apol
080 _a338.22
942 _cKS
008 s pl f |000 0 pol
999 _c19725
_d19725
856 _uhttp://koha.tu.koszalin.pl/cgi-bin/koha/opac-detail.pl?biblionumber=19725
_yKatalog online BPK